00637nam a22001697a 450000500170000001000130001702000260003003500110005603700130006708200110008010000460009124501300013724600580026726000520032527000670037730000230044420210915124817.0 aUR-11234 c400.00a9789390533725 aU-9789 bDBAD/PUB a840.92 aا حتشا م ا لحق آ فا قی  aقصہ شب و رو ز (مشر ف عا لم ذ و قی کے ا د بی خا کے )cا حتشا م ا لحق آ فا قی  aQissa-e-Shab-o-Roz (Urdu)bby Ahtasham Ul Haq Afauqui aN.Delhic2020 ءbEducational Publishing House  a3191, Vakil Street, Kucha Pandit Lal Kuan,b Delhie110006l - a388 ص c22 Cm(Hb)